000 01079nam a2200241 a 4500
001 59437
003 Mx-PuUPA
005 20231122093326.0
008 140415s2008 ag 000 0 spa d
020 _a9789875381551
040 _cMx
041 _aspa
082 _a371.782
_bOSO
100 1 _aOSORIO, FERNANDO
245 1 0 _aVIOLENCIA EN LAS ESCUELAS
250 _a1a ed.
260 _aARGENTINA :
_bNOVEDADES EDUCATIVAS,
_c2008
300 _c15.5 x 1.2 x 22.8
520 _aEN ESTE LIBRO, FERNANDO OSORIO BRINDA LOS FRUTOS DE UNA INDAGACIÓN PACIENTE Y NECESARIA. CON ELLA APUNTA A LAS RAÍCES DE LA VIOLENCIA QUE CUNDE EN LAS ESCUELAS. NO SE TRATA DE UN MERO REVELAMIENTO DE SÍNTOMAS. LEJOS DE TODA INTENCIÓN PURAMENTE DESCRIPTIVA, EL AUTOR TOMA PARTIDO. HUNDE LAS MANOS EN EL CONFLICTO QUE LO CONVOCA. SIN VACILACIONES, DESENMASCARA LAS FUENTES DEL MAL QUE A ÉL, COMO A TANTOS DE NOSOTROS, TAMBIÉN LO DESVELA. Y CON SAGACIDAD Y FIRMEZA RECORRE EL REPERTORIO DE CRE
650 1 4 _aVIOLENCIA
_xESCUELAS
740 _aVIOLENCIA EN LAS ESCUELAS:
942 _2ddc
_cLI
999 _c59437
_d59437